000
00327nam a2200133Ia 4500
008
240624s9999 xx 000 0 und d
041
_a
eng
082
_a
823 MUR
100
_a
MURTY SUDHA
245
_a
WISE AND OTHERWISE
260
_c
2016
_a
Pune
_b
Mehta Publishing House
300
_a
viii, 206 p.; 23 cm.
365
_c
RS
_b
25
999
_c
30398
_d
30398